000 00810cam a22002773a 4500
001 7500
003 PGUSA
005 20140828083145.0
008 050201s2005||||xxu|||||s|||||000 1 eng d
040 _aPGUSA
_beng
042 _adc
050 4 _aPT
050 4 _aPZ
100 1 _aSpyri, Johanna,
_d1827-1901
245 1 0 _aHeidis Lehr- und Wanderjahre
_h[electronic resource] /
_cJohanna Spyri
260 _bProject Gutenberg,
_c2005
506 _aPublic domain in the USA.
516 _aElectronic text
653 _aMountain life -- Switzerland -- Fiction
653 _aOrphans -- Fiction
653 _aGrandfathers -- Fiction
653 _aSwitzerland -- History -- 19th century -- Fiction
830 0 _aProject Gutenberg
_v7500
856 4 0 _uhttp://www.gutenberg.org/ebooks/7500
942 _cEB
999 _c236820
_d236820